000 00594nam a2200241Ia 4500
001 472
005 20240113233416.0
007 ta
008 050118s1994 a g b000 u eng u
020 _cHB
040 _aRef. stack
041 _aeng
082 _a523.1
_bMa 43 Un
100 _aMacDonald, Peter .
245 0 _aUniverse /
_cPeter MacDonald ed...
_hTextual Documents
250 _a1st ed /
260 _aNew Delhi :
_bS. Chand & Company ,
_cc1994.
300 _a124p. :
_bill ;
_c1st ed .
653 _aAstronomy
942 _2ddc
_cBK
999 _c470
_d470